| 000 | 00508nam a2200205Ia 4500 | ||
|---|---|---|---|
| 003 | OSt | ||
| 005 | 20140426091302.0 | ||
| 008 | 140130s9999 xx 000 0 und d | ||
| 020 | _a0439655609 | ||
| 050 |
_aPZ 10.3 _b.L797 2002 |
||
| 100 |
_aLobel, Arnold _93935 |
||
| 245 |
_cLobel, Arnold _aFrog and toad together / |
||
| 260 |
_bScholastic, _c2002. _aU.S.A : |
||
| 300 |
_a64 p. : _bcol. ill. ; _c22 cm. |
||
| 440 |
_v1 _930970 |
||
| 521 | _aG2 | ||
| 526 | _c330 | ||
| 942 |
_cBK _2lcc |
||
| 999 |
_c40156 _d40156 |
||